Central Library OPAC University of Rajshahi

Pulse, digital, and switching waveforms : (Record no. 14941)

MARC details
000 -LEADER
fixed length control field 00972nam a2200289 4500
001 - CONTROL NUMBER
control field 14941
003 - CONTROL NUMBER IDENTIFIER
rucl marc code UkOxU
005 - DATE AND TIME OF LATEST TRANSACTION
control field 20211208235724.0
008 - FIXED-LENGTH DATA ELEMENTS--GENERAL INFORMATION
fixed length control field 140208r20051965us a b 001 0 eng d
020 ## - INTERNATIONAL STANDARD BOOK NUMBER
International Standard Book Number 0074622447
035 ## - SYSTEM CONTROL NUMBER
System control number BD-RjUL)14995
040 ## - CATALOGING SOURCE
Original cataloging agency BD-RjUL
Language of cataloging eng
Transcribing agency BD-RjUL
041 ## - LANGUAGE CODE
Language code of text/sound track or separate title eng
082 04 - DEWEY DECIMAL CLASSIFICATION NUMBER
Classification number 621.3815
Author mark and year MIP 2005
100 1# - MAIN ENTRY--PERSONAL NAME
Personal name Millman, Jacob,
Dates associated with a name 1911-1991.
9 (RLIN) 42753
245 10 - TITLE STATEMENT
Title Pulse, digital, and switching waveforms :
Remainder of title devices and circuits for their generation and processing /
Statement of responsibility, etc. by Jacob Millman and Herbert Taub
260 ## - PUBLICATION, DISTRIBUTION, ETC. (IMPRINT)
Place of publication, distribution, etc. Tokyo ;
-- London :
Name of publisher, distributor, etc. McGraw-Hill Kogakusha,
Date of publication, distribution, etc. 1965 [Reprinted 2005]
300 ## - PHYSICAL DESCRIPTION
Pagination xiv, 958 p :
Illustrations ill ;
Size 24 cm
500 ## - GENERAL NOTE
General note International student edition
504 ## - BIBLIOGRAPHY, ETC. NOTE
Bibliography, etc Includes bibliographical references and index
650 #0 - SUBJECT ADDED ENTRY--TOPICAL TERM
Topical term or geographic name as entry element Electronic circuits
9 (RLIN) 38587
Topical term or geographic name as entry element Switching circuits
9 (RLIN) 39282
700 1# - ADDED ENTRY--PERSONAL NAME
Personal name Taub, Herbert,
Dates associated with a name 1918-
942 ## - ADDED ENTRY ELEMENTS (KOHA)
Source of classification or shelving scheme Dewey Decimal Classification
Koha item type Books
Holdings
Lost status Source of classification or shelving scheme Damaged status Not for loan Collection code Permanent Location Current Location Shelving location Date acquired Source of acquisition Cost, normal purchase price Total Checkouts Full call number Date last seen Date checked out Copy number Koha item type
  Dewey Decimal Classification     Non-fiction Central Library, University of Rajshahi Central Library, University of Rajshahi   11/06/2006 Dhaka, Paragon Enterprise Ltd. 315.00 2 621.3815 MIP 2005 27/12/2016 05/12/2016 C-3 Books
  Dewey Decimal Classification     Non-fiction Central Library, University of Rajshahi Central Library, University of Rajshahi   11/06/2006 Dhaka,Paragon Enterprise Lit., 315.00 2 621.3815 MIP 2005 25/05/2023 07/05/2023 C-2 Books
  Dewey Decimal Classification   Not For Loan Non-fiction Central Library, University of Rajshahi Central Library, University of Rajshahi Reading Room 14/06/1999 Ankur Prokasoni, Dhaka 226.00   621.3815 MIP 1997 29/05/2017   C-1 Books